[Event "2BLN 1819 Lübecker SV - SV Lingen"]
[Site "?"]
[Date "2019.02.02"]
[Round "5.4"]
[White "Poghosyan, Tigran"]
[Black "Epishin, Vladimir"]
[Result "0-1"]
[WhiteElo "2205"]
[BlackElo "2563"]
[PlyCount "96"]
[EventDate "2019.??.??"]

1. e4 d5 2. exd5 Qxd5 3. Nc3 Qd6 4. d4 Nf6 5. Nf3 g6 6. Ne5 Bg7 7. Be2 O-O 8.
Bf4 Nd5 9. Nxd5 Qxd5 10. O-O c5 11. c3 cxd4 12. cxd4 Nc6 13. Bf3 Qxd4 14. Nxc6
Qxf4 15. Nxe7+ Kh8 16. Nxc8 Raxc8 17. Bxb7 Rb8 18. Qf3 Qxf3 19. Bxf3 Rxb2 20.
Bd5 Bd4 21. Rab1 Bxf2+ 22. Kh1 Rxb1 23. Rxb1 f5 24. Rb7 Rd8 25. Bb3 h5 26. g3
Bb6 27. Rf7 Rd2 28. Re7 Rf2 29. h4 f4 30. gxf4 Rxf4 31. Re8+ Kg7 32. Re7+ Kh6
33. Kg2 Rxh4 34. Kg3 Rd4 35. Bc2 Rd6 36. Kf4 Rf6+ 37. Ke5 Rf2 38. Be4 Kg5 39.
Re6 Bc7+ 40. Kd5 Rf6 41. Re7 Bb6 42. Ke5 h4 43. Rg7 h3 44. Rh7 h2 45. Kd5 Bg1
46. Ke5 Ra6 47. Rg7 Ra5+ 48. Ke6 Kf4 0-1

[Event "2BLN 1819 Lübecker SV - SV Lingen"]
[Site "?"]
[Date "2019.02.02"]
[Round "5.5"]
[White "Milanovic, Danilo"]
[Black "Christ, Ralf"]
[Result "1-0"]
[WhiteElo "2490"]
[BlackElo "2271"]
[PlyCount "183"]
[EventDate "2019.??.??"]

1. d4 Nf6 2. c4 g6 3. Nc3 d5 4. cxd5 Nxd5 5. Bd2 Bg7 6. e4 Nb6 7. Be3 O-O 8.
Bb5 c6 9. Be2 Be6 10. Nf3 Nc4 11. Bc1 b5 12. O-O h6 13. d5 cxd5 14. exd5 Bd7
15. a4 b4 16. Bxc4 bxc3 17. bxc3 Qc7 18. Be2 Qxc3 19. Ra2 Qa5 20. Qb3 Qb6 21.
Qa3 Qb7 22. Qxe7 Qxd5 23. Rd2 Qe6 24. Qxe6 Bxe6 25. Nd4 Bxd4 26. Rxd4 Nd7 27.
Bxh6 Rfc8 28. Rfd1 Nc5 29. Bf3 Rab8 30. Bf4 Rb3 31. Be3 Kg7 32. Rc1 Nxa4 33.
Rxc8 Bxc8 34. g4 Nb6 35. Rd8 Be6 36. Kg2 f6 37. Rb8 Nd7 38. Ra8 Ne5 39. Rxa7+
Kg8 40. Ra8+ Kh7 41. Ra7+ Kg8 42. h3 Nxf3 43. Kxf3 Bd5+ 44. Kg3 g5 45. Rd7 Be6
46. Re7 Bd5 47. Rd7 Be6 48. Rc7 Bd5 49. h4 gxh4+ 50. Kxh4 Rb7 51. Rc8+ Kg7 52.
f4 Re7 53. Rc3 Rb7 54. f5 Rd7 55. Kg3 Rb7 56. Kh4 Rd7 57. Rc5 Bf7 58. Kg3 Rd3
59. Kf2 Be8 60. Rc7+ Rd7 61. Rc8 Kf7 62. Rb8 Rd6 63. Rb7+ Kg8 64. Re7 Bb5 65.
Rb7 Be8 66. Rb4 Ra6 67. Rb8 Kf7 68. Rb7+ Kg8 69. Rb8 Kf7 70. Rb2 Bc6 71. Rc2
Be8 72. Rc7+ Kg8 73. Bd4 Bb5 74. Rb7 Be8 75. Kg3 Rd6 76. Rb4 Ra6 77. Rb8 Kf7
78. Rb7+ Kg8 79. Kh4 Rd6 80. Bb2 Ra6 81. Bc1 Ra1 82. Rc7 Ra6 83. Bh6 Bf7 84.
Rb7 Rc6 85. Ra7 Rb6 86. Be3 Rc6 87. Ra8+ Kh7 88. Rd8 Bc4 89. Bd4 Ba6 90. Rd7+
Kg8 91. Kh5 Be2 92. Kg6 1-0

[Event "2BLN 1819 Lübecker SV - SV Lingen"]
[Site "?"]
[Date "2019.02.02"]
[Round "5.6"]
[White "Lampe, Dirk"]
[Black "Levin, Felix"]
[Result "0-1"]
[WhiteElo "2146"]
[BlackElo "2481"]
[PlyCount "88"]
[EventDate "2019.??.??"]

1. e4 e5 2. Nf3 Nc6 3. Bb5 a6 4. Ba4 Nf6 5. O-O Be7 6. Re1 b5 7. Bb3 d6 8. c3
O-O 9. h3 Nb8 10. d4 Nbd7 11. Nbd2 Bb7 12. Bc2 c5 13. d5 c4 14. b3 cxb3 15.
axb3 Qc7 16. c4 b4 17. Nf1 Nc5 18. g4 Rfb8 19. Ng3 g6 20. Re2 a5 21. Ne1 a4 22.
Rb1 Ba6 23. bxa4 Bxc4 24. Bd3 Nxa4 25. Bb2 Nc3 26. Bxc3 bxc3 27. Bxc4 Qxc4 28.
Rxb8+ Rxb8 29. Qd3 Rb4 30. Qxc4 Rxc4 31. Nc2 Nd7 32. Ne3 Rc8 33. Rc2 Bd8 34.
Ne2 Ba5 35. Ra2 Bb6 36. Rc2 Bd4 37. Kg2 Nc5 38. Kf3 Nd3 39. Ng2 Nb4 40. Rc1 c2
41. Nxd4 exd4 42. Ne1 d3 43. Ke3 Na2 44. Nxd3 Rc3 0-1

[Event "2BLN 1819 Lübecker SV - SV Lingen"]
[Site "?"]
[Date "2019.02.02"]
[Round "5.7"]
[White "Kollen, Zyon"]
[Black "Frohberg, Marco"]
[Result "1/2-1/2"]
[WhiteElo "2363"]
[BlackElo "2241"]
[PlyCount "125"]
[EventDate "2019.??.??"]

1. e4 c6 2. Nc3 d5 3. Nf3 Bg4 4. h3 Bxf3 5. Qxf3 e6 6. d4 Nf6 7. e5 Nfd7 8. Be3
c5 9. dxc5 Bxc5 10. Bxc5 Nxc5 11. Qg3 O-O 12. Be2 a6 13. O-O Nc6 14. Kh2 Qc7
15. f4 d4 16. Nd1 f6 17. Nf2 fxe5 18. fxe5 Qxe5 19. Qxe5 Nxe5 20. Rae1 Ncd7 21.
Ng4 Rxf1 22. Bxf1 Nxg4+ 23. hxg4 Rc8 24. Rxe6 Rxc2 25. b4 Nf6 26. Be2 Kf7 27.
Re5 h6 28. Kg3 Rc3+ 29. Kf2 Rc2 30. Ke1 d3 31. Bxd3 Rxg2 32. b5 Nxg4 33. Bc4+
Kf6 34. Re6+ Kf5 35. bxa6 bxa6 36. Rxa6 Ne5 37. Be2 Rh2 38. a4 g5 39. a5 g4 40.
Ra8 g3 41. Rg8 Kf4 42. a6 Rh1+ 43. Bf1 Nf3+ 44. Ke2 Rh2+ 45. Kd3 Ne5+ 46. Kd4
Rd2+ 47. Kc5 Ra2 48. Rg7 Kf3 49. a7 Kf2 50. Bb5 g2 51. Kb6 Rxa7 52. Kxa7 h5 53.
Be8 Ng4 54. Bxh5 g1=Q 55. Rxg4 Qh2 56. Rg5 Qc7+ 57. Ka6 Qd6+ 58. Kb5 Ke3 59.
Rc5 Kd3 60. Bf3 Qb8+ 61. Ka6 Qf8 62. Rb5 Qa3+ 63. Kb6 1/2-1/2

[Event "2BLN 1819 Lübecker SV - SV Lingen"]
[Site "?"]
[Date "2019.02.02"]
[Round "5.8"]
[White "Bosselmann, Tom Linus"]
[Black "Gutman, Lev"]
[Result "0-1"]
[WhiteElo "2057"]
[BlackElo "2416"]
[PlyCount "58"]
[EventDate "2019.??.??"]

1. e4 g6 2. d4 Bg7 3. Nc3 c6 4. Be3 Nf6 5. f3 Qb6 6. Na4 Qb4+ 7. c3 Qa5 8. Nc5
d6 9. Nd3 Nbd7 10. Nf2 e5 11. Bd3 O-O 12. Ne2 d5 13. O-O dxe4 14. fxe4 exd4 15.
cxd4 c5 16. dxc5 Nxc5 17. b4 Qxb4 18. Rb1 Qa3 19. Bxc5 Qxc5 20. Rb5 Qc7 21. Qb1
b6 22. Rb4 Ng4 23. Nxg4 Bxg4 24. Nf4 Be5 25. g3 Bxf4 26. Rxf4 Qc5+ 27. Kg2 Be6
28. Rb5 Qe3 29. Rf3 Bh3+ 0-1

[Event "2BLN 1819 FC St. Pauli - SV Glückauf Rü"]
[Site "?"]
[Date "2019.02.02"]
[Round "5.1"]
[White "Kanarek, Marcel"]
[Black "Socko, Bartosz"]
[Result "0-1"]
[WhiteElo "2497"]
[BlackElo "2617"]
[PlyCount "82"]
[EventDate "2019.??.??"]

1. e4 e6 2. d4 d5 3. Nc3 Bb4 4. Qd3 dxe4 5. Qxe4 Nf6 6. Qh4 b6 7. Bb5+ c6 8.
Bd3 Ba6 9. Bxa6 Nxa6 10. Nge2 Bxc3+ 11. bxc3 Qd5 12. O-O O-O 13. Ng3 Nb8 14.
Bg5 Nbd7 15. f4 c5 16. Rad1 Rac8 17. f5 Qxa2 18. dxc5 Rxc5 19. Nh5 Nxh5 20.
Rxd7 g6 21. Bh6 Rxf5 22. Rfd1 Qa3 23. Rd8 Qc5+ 24. R1d4 Nf4 25. Bxf4 Rxf4 26.
Rxf8+ Kxf8 27. Qxf4 e5 28. Qf6 exd4 29. Qd8+ Kg7 30. cxd4 Qxc2 31. d5 Qc5+ 32.
Kf1 a5 33. g4 Qc4+ 34. Kf2 Qd4+ 35. Kg3 a4 36. d6 a3 37. d7 a2 38. Qa8 Qd3+ 39.
Kh4 h6 40. g5 hxg5+ 41. Kxg5 Qd4 0-1

[Event "2BLN 1819 FC St. Pauli - SV Glückauf Rü"]
[Site "?"]
[Date "2019.02.02"]
[Round "5.2"]
[White "Feuerstack, Aljoscha"]
[Black "Leniart, Arkadiusz"]
[Result "1/2-1/2"]
[WhiteElo "2456"]
[BlackElo "2497"]
[PlyCount "148"]
[EventDate "2019.??.??"]

1. e4 e5 2. Nf3 Nc6 3. d4 exd4 4. Nxd4 Bc5 5. Nxc6 Qf6 6. Qf3 bxc6 7. Nd2 d6 8.
Nb3 Bb6 9. a4 a5 10. Bd2 Qxf3 11. gxf3 Ne7 12. Rg1 O-O 13. Be3 Bxe3 14. fxe3 f5
15. e5 Be6 16. Nd4 Bd5 17. exd6 cxd6 18. O-O-O Rf6 19. e4 fxe4 20. fxe4 Bxe4
21. Re1 d5 22. Bd3 Nf5 23. Nxf5 Bxf5 24. Re7 Rg6 25. Rxg6 hxg6 26. Rc7 Rc8 27.
Ra7 c5 28. Rxa5 Kf7 29. Rb5 Ke6 30. a5 Kd6 31. Rb6+ Ke5 32. Bb5 Be4 33. Rc6 Rh8
34. a6 d4 35. a7 Kf4 36. Rxc5 Rxh2 37. Rc8 Rh1+ 38. Kd2 Ra1 39. Rf8+ Kg3 40.
Re8 Bf3 41. Re1 Rxa7 42. Rg1+ Kf2 43. Rxg6 Ra1 44. Kd3 Be2+ 45. Kxd4 Bxb5 46.
c4 Ba4 47. Rxg7 Rd1+ 48. Kc3 Rd8 49. b4 Rc8 50. Kd4 Rb8 51. Kc3 Rc8 52. Kd4 Rb8
53. Kc3 Ke3 54. Ra7 Be8 55. Rc7 Ke4 56. Rc5 Bd7 57. b5 Bg4 58. Rg5 Kf4 59. Rg7
Bf5 60. Re7 Kg5 61. Kb4 Kf6 62. Rc7 Bd3 63. Kc5 Ke6 64. Rc6+ Ke7 65. Rc7+ Ke6
66. Rc6+ Ke7 67. b6 Be4 68. Rh6 Kd7 69. Kb5 Rg8 70. c5 Kc8 71. c6 Rg5+ 72. Kb4
Bxc6 73. Rxc6+ Kb7 74. Rc5 Rg6 1/2-1/2

[Event "2BLN 1819 FC St. Pauli - SV Glückauf Rü"]
[Site "?"]
[Date "2019.02.02"]
[Round "5.3"]
[White "Steczek, Marcin"]
[Black "Socko, Monika"]
[Result "1-0"]
[WhiteElo "2379"]
[BlackElo "2445"]
[PlyCount "139"]
[EventDate "2019.??.??"]

1. c4 Nf6 2. Nf3 g6 3. Nc3 Bg7 4. g3 O-O 5. Bg2 d6 6. O-O Nc6 7. d3 e5 8. Rb1
a5 9. a3 Nd4 10. Bg5 h6 11. Bxf6 Bxf6 12. b4 axb4 13. axb4 Bg7 14. b5 Re8 15.
Nxd4 exd4 16. Nd5 Bg4 17. Re1 Ra2 18. Bf3 Bxf3 19. exf3 Re5 20. f4 Rxe1+ 21.
Qxe1 Kh7 22. h4 Qd7 23. Nb4 Ra7 24. Qe4 Qe6 25. Qf3 Bf6 26. Kg2 h5 27. b6 cxb6
28. Nd5 Bd8 29. Nxb6 Bxb6 30. Rxb6 Ra3 31. Rxb7 Kg7 32. Rb5 Qe1 33. Qe4 Qxe4+
34. dxe4 Rc3 35. Rd5 Rxc4 36. Rxd6 Kf8 37. Rd5 Ke7 38. Kf3 Rc2 39. Rxd4 Rc3+
40. Kg2 Ke6 41. Ra4 Rb3 42. Ra6+ Ke7 43. Ra2 Ke6 44. Rc2 Ra3 45. Re2 Rb3 46.
Re3 Rb2 47. Kf3 Ra2 48. Rb3 Ra6 49. Rb5 Ra3+ 50. Kg2 Kf6 51. f5 Rc3 52. Rb6+
Kg7 53. f6+ Kh7 54. Rb7 Kg8 55. Rb8+ Kh7 56. Rf8 Rc7 57. Kf3 Rb7 58. Kf4 Ra7
59. f3 Rb7 60. g4 hxg4 61. fxg4 Ra7 62. Re8 Ra6 63. Kg5 Ra5+ 64. e5 Rb5 65. Re7
Kg8 66. Kh6 Kf8 67. e6 fxe6 68. Kxg6 Rb4 69. g5 Rxh4 70. Rh7 1-0

[Event "2BLN 1819 FC St. Pauli - SV Glückauf Rü"]
[Site "?"]
[Date "2019.02.02"]
[Round "5.4"]
[White "Jahncke, Giso"]
[Black "Janaszak, Dawid"]
[Result "1/2-1/2"]
[WhiteElo "2362"]
[BlackElo "2350"]
[PlyCount "60"]
[EventDate "2019.??.??"]

1. Nf3 c5 2. c4 g6 3. d4 cxd4 4. Nxd4 Nc6 5. e4 Nf6 6. Nc3 Nxd4 7. Qxd4 d6 8.
Be2 Bg7 9. Be3 O-O 10. Qd2 a5 11. O-O a4 12. Bd4 Bd7 13. Rad1 Bc6 14. Qe3 Nd7
15. Bxg7 Kxg7 16. Nd5 Re8 17. Kh1 Ra5 18. f4 Bxd5 19. exd5 Qb6 20. Qc3+ Nf6 21.
g4 Kg8 22. g5 Ne4 23. Qf3 f5 24. Bd3 Nc5 25. Bxf5 Qxb2 26. Bb1 Rf8 27. f5 Raa8
28. f6 Rf7 29. Rde1 exf6 30. Qg3 Rd8 1/2-1/2

[Event "2BLN 1819 FC St. Pauli - SV Glückauf Rü"]
[Site "?"]
[Date "2019.02.02"]
[Round "5.5"]
[White "Sroczynski, Maciej"]
[Black "Krause, Jonah"]
[Result "0-1"]
[WhiteElo "2300"]
[BlackElo "2316"]
[PlyCount "206"]
[EventDate "2019.??.??"]

1. d4 Nf6 2. c4 g6 3. Nc3 Bg7 4. g3 O-O 5. Bg2 d6 6. Nf3 Nbd7 7. O-O e5 8. e4
c6 9. h3 Qb6 10. c5 dxc5 11. dxe5 Ne8 12. Qc2 Qc7 13. e6 fxe6 14. a4 b6 15. Ng5
Ne5 16. f4 Nf7 17. Nxf7 Bd4+ 18. Kh1 Rxf7 19. e5 Ba6 20. Re1 Bxc3 21. Qxc3 Rd8
22. Qf3 Rd5 23. a5 Bb5 24. axb6 axb6 25. Qg4 Qc8 26. Be3 Ng7 27. h4 Nf5 28.
Bxd5 cxd5 29. Bf2 d4 30. Kh2 Bc6 31. Qe2 Qd7 32. Rg1 d3 33. Qd2 Qd5 34. Ra3 c4
35. Bxb6 Rb7 36. Qf2 h5 37. Ra8+ Kh7 38. Ra7 Rxa7 39. Bxa7 Qf3 40. Rf1 d2 41.
Qg1 Qe2+ 42. Kh3 Bf3 43. Bf2 d1=R 44. Rxd1 Qxd1 45. Qxd1 Bxd1 46. Kg2 Kg8 47.
Kf1 Kf7 48. Ke1 Bf3 49. Kd2 Ke7 50. Kc3 Bd5 51. Kb4 Kd7 52. Kb5 Ne7 53. Be1 Nc6
54. Kc5 Kc7 55. Bc3 Ne7 56. Be1 Nf5 57. Bf2 Bg2 58. Kb5 Bf1 59. Kc5 Be2 60. Be1
Ne3 61. Ba5+ Kd7 62. Bc3 Nd5 63. Ba5 Ne3 64. Bc3 Nf1 65. Be1 Nh2 66. Bc3 Bd3
67. Kb6 Nf1 68. Be1 Bf5 69. Kc5 Kc7 70. Kb5 Kb7 71. Kc5 Bg4 72. Kb5 Bh3 73. Kc5
Bf5 74. Kb5 Bg4 75. Kc5 Ka6 76. Kc6 Ne3 77. Bc3 Nd5 78. Bd2 Nb6 79. Kc5 Na4+
80. Kxc4 Nxb2+ 81. Kc5 Nd3+ 82. Kc4 Nf2 83. Be1 Ne4 84. Kd4 Bf5 85. Kc4 Kb6 86.
Kb4 Kc6 87. Kc4 Bh3 88. Kd4 Bg2 89. Kc4 Bh1 90. Bb4 Nxg3 91. Be7 Ne2 92. Bg5
Be4 93. Bh6 Ng3 94. Bg5 Nf5 95. Bd8 Bg2 96. Bg5 Bf1+ 97. Kc3 Kd5 98. Kd2 Ke4
99. Ke1 Bb5 100. Kf2 Nd4 101. Kg3 Ne2+ 102. Kf2 Nxf4 103. Bf6 Nd3+ 0-1

[Event "2BLN 1819 FC St. Pauli - SV Glückauf Rü"]
[Site "?"]
[Date "2019.02.02"]
[Round "5.6"]
[White "Voigt, Martin"]
[Black "Dudzinski, Piotr"]
[Result "0-1"]
[WhiteElo "2346"]
[BlackElo "2326"]
[PlyCount "52"]
[EventDate "2019.??.??"]

1. e4 e5 2. Nf3 Nc6 3. Bc4 Bc5 4. c3 Nf6 5. d3 O-O 6. O-O d5 7. exd5 Nxd5 8.
Re1 Nb6 9. Bb5 f6 10. Nbd2 Bg4 11. h3 Bh5 12. Ne4 Be7 13. Ng3 Be8 14. d4 a6 15.
Bxc6 Bxc6 16. Qe2 Bd6 17. dxe5 fxe5 18. Ng5 Qf6 19. N5e4 Qg6 20. c4 Be7 21. b3
Nd7 22. Bb2 Rf4 23. Rad1 Nc5 24. f3 Nxe4 25. Nxe4 Bxe4 26. fxe4 Bc5+ 0-1

[Event "2BLN 1819 FC St. Pauli - SV Glückauf Rü"]
[Site "?"]
[Date "2019.02.02"]
[Round "5.7"]
[White "Szadkowski, Kamil"]
[Black "Mueller, Fabian"]
[Result "1-0"]
[WhiteElo "2281"]
[BlackElo "2343"]
[PlyCount "77"]
[EventDate "2019.??.??"]

1. e4 c5 2. Nf3 e6 3. c4 Nc6 4. Nc3 e5 5. g3 d6 6. Bg2 g6 7. O-O Bg7 8. Ne1
Nge7 9. f4 exf4 10. gxf4 f5 11. d3 O-O 12. Nc2 Rb8 13. Rb1 a6 14. Be3 b5 15. e5
Re8 16. cxb5 axb5 17. d4 cxd4 18. Nxd4 Nxd4 19. Bxd4 Bb7 20. Bxb7 Rxb7 21. exd6
Qxd6 22. Bxg7 Qxd1 23. Rbxd1 Kxg7 24. Rfe1 Kf7 25. Re5 Reb8 26. Kf2 b4 27. Ne2
Ra8 28. Nc1 Ng8 29. Rc5 Nf6 30. Kf3 Ne4 31. Rc4 Rab8 32. Nb3 Ke7 33. Na5 Ke6
34. Nxb7 Rxb7 35. Rd3 Rb6 36. Ke3 h6 37. Rb3 Ra6 38. Rcxb4 Rxa2 39. Ra3 1-0

[Event "2BLN 1819 FC St. Pauli - SV Glückauf Rü"]
[Site "?"]
[Date "2019.02.02"]
[Round "5.8"]
[White "Stenner, Patrick"]
[Black "Wlodarczyk, Oskar"]
[Result "1/2-1/2"]
[WhiteElo "2258"]
[BlackElo "2246"]
[PlyCount "73"]
[EventDate "2019.??.??"]

1. e4 e5 2. Nf3 Nf6 3. Nxe5 d6 4. Nf3 Nxe4 5. d4 d5 6. Bd3 Bd6 7. O-O O-O 8. c4
c6 9. Qc2 Na6 10. a3 f5 11. Nc3 Nc7 12. c5 Be7 13. Ne2 Ne6 14. b4 Bf6 15. Bb2
Qc7 16. Rfe1 g6 17. Rad1 b6 18. cxb6 Qxb6 19. Nc3 Ba6 20. b5 Bb7 21. Na4 Qc7
22. Rc1 Rac8 23. Qb3 Qg7 24. Qb4 cxb5 25. Bxb5 a5 26. Qxa5 Nxd4 27. Nxd4 Bxd4
28. Bxd4 Qxd4 29. Qb6 Qxb6 30. Nxb6 Rxc1 31. Rxc1 Rf6 32. Nd7 Rd6 33. Rc7 Ba6
34. Bxa6 Rxa6 35. f3 Nf6 36. Nxf6+ Rxf6 37. Rd7 1/2-1/2

[Event "2BLN 1819 Hamburger SK II - SF Berlin I"]
[Site "?"]
[Date "2019.02.02"]
[Round "5.1"]
[White "Lauber, Arnd"]
[Black "Kramer, Julian"]
[Result "1/2-1/2"]
[WhiteElo "2434"]
[BlackElo "2372"]
[PlyCount "118"]
[EventDate "2019.??.??"]

1. d4 d5 2. c4 dxc4 3. Nf3 Nf6 4. e3 Bg4 5. Bxc4 e6 6. h3 Bh5 7. O-O a6 8. b3
Nc6 9. Bb2 Bd6 10. Be2 O-O 11. Nbd2 Nd5 12. Rc1 f5 13. Nc4 Qe7 14. Qd2 Nd8 15.
Nce5 Nf7 16. Nd3 Bxf3 17. Bxf3 Ng5 18. Qe2 Qf6 19. Rfe1 Rae8 20. Rc2 c6 21. Bh5
Re7 22. f4 Ne4 23. Bf3 g5 24. Bxe4 fxe4 25. Nf2 Qg6 26. fxg5 Bg3 27. Ng4 Qxg5
28. Ba3 h5 29. Bxe7 Nxe7 30. Ne5 Bxe1 31. Qxe1 Nf5 32. Re2 Ng3 33. Rf2 Nf5 34.
Nc4 b5 35. Nd2 Ng3 36. Nf1 h4 37. Rxf8+ Kxf8 38. Nh2 c5 39. dxc5 Qxc5 40. Nf1
Qe5 41. Nxg3 hxg3 42. b4 Qd6 43. a3 Kg8 44. Qc1 Kh7 45. Qc2 Kh6 46. Kf1 Qf8+
47. Ke1 Qf5 48. Qe2 Qf6 49. Qc2 Qf5 50. Qd2 Qf6 51. Qc2 Qf5 52. Qb2 Kg6 53. Qe2
Kh6 54. Kd2 Qf6 55. Kc2 Qa1 56. Kb3 Qb1+ 57. Kc3 e5 58. Qc2 Qxc2+ 59. Kxc2 Kg5
1/2-1/2

[Event "2BLN 1819 Hamburger SK II - SF Berlin I"]
[Site "?"]
[Date "2019.02.02"]
[Round "5.2"]
[White "Colpe, Malte"]
[Black "Seyb, Alexander"]
[Result "1/2-1/2"]
[WhiteElo "2374"]
[BlackElo "2417"]
[PlyCount "34"]
[EventDate "2019.??.??"]

1. d4 Nf6 2. Nf3 g6 3. Bg5 Bg7 4. Nbd2 d6 5. c3 Nbd7 6. e4 h6 7. Bh4 Nh5 8. Qc2
g5 9. Bg3 e6 10. Be2 Qe7 11. O-O-O Nb6 12. Nc4 Nxc4 13. Bxc4 Bd7 14. e5 d5 15.
Bd3 O-O-O 16. Qe2 Kb8 17. Kb1 Rc8 1/2-1/2

[Event "2BLN 1819 Hamburger SK II - SF Berlin I"]
[Site "?"]
[Date "2019.02.02"]
[Round "5.3"]
[White "Agopov, Mikael"]
[Black "Voigt, Roland"]
[Result "1/2-1/2"]
[WhiteElo "2449"]
[BlackElo "2445"]
[PlyCount "90"]
[EventDate "2019.??.??"]

1. e4 c5 2. Nf3 e6 3. d4 cxd4 4. Nxd4 a6 5. c4 Nf6 6. Nc3 d6 7. Be2 Qc7 8. Be3
Nbd7 9. O-O Be7 10. Rc1 b6 11. a3 Bb7 12. f3 Rc8 13. b4 Qb8 14. Nb3 Bd8 15. Qd2
Bc7 16. Rfd1 O-O 17. Bf4 Ne5 18. Bxe5 dxe5 19. c5 bxc5 20. Nxc5 Rfd8 21. Qe1 a5
22. Kf1 axb4 23. axb4 Bd6 24. Nb5 Bf8 25. Rxd8 Rxd8 26. Qc3 h5 27. Qa1 Bc6 28.
Na7 Be8 29. Qa5 Rd2 30. b5 Rb2 31. Nc6 Bxc6 32. bxc6 Rb1 33. Qe1 Rxc1 34. Qxc1
Bxc5 35. Qxc5 Ne8 36. g3 Qc7 37. Kg2 g6 38. g4 Nf6 39. g5 Ne8 40. Bb5 Qa5 41.
Qe7 Qxb5 42. Qxe8+ Kg7 43. Qd7 Qe2+ 44. Kg3 Qe1+ 45. Kg2 Qe2+ 1/2-1/2

[Event "2BLN 1819 Hamburger SK II - SF Berlin I"]
[Site "?"]
[Date "2019.02.02"]
[Round "5.4"]
[White "Balcerak, Philipp"]
[Black "Polzin, Rainer"]
[Result "1/2-1/2"]
[WhiteElo "2370"]
[BlackElo "2406"]
[PlyCount "23"]
[EventDate "2019.??.??"]

1. Nf3 Nf6 2. g3 c5 3. Bg2 g6 4. O-O Nc6 5. d4 cxd4 6. Nxd4 Qb6 7. Nb3 d6 8.
Be3 Qa6 9. Nc3 Bg7 10. Qd2 O-O 11. Bh6 Be6 12. Bxg7 1/2-1/2

[Event "2BLN 1819 Hamburger SK II - SF Berlin I"]
[Site "?"]
[Date "2019.02.02"]
[Round "5.5"]
[White "Florstedt, Johannes"]
[Black "Meissner, Felix"]
[Result "0-1"]
[WhiteElo "2320"]
[BlackElo "2380"]
[PlyCount "72"]
[EventDate "2019.??.??"]

1. e4 c5 2. Nf3 d6 3. Bb5+ Nd7 4. O-O a6 5. Bd3 Ngf6 6. Re1 e5 7. c3 Be7 8. Bc2
b5 9. d4 O-O 10. Nbd2 Re8 11. Nf1 Bf8 12. Ng3 g6 13. h3 Qc7 14. Bg5 Bg7 15. Qd2
Bb7 16. Rad1 cxd4 17. cxd4 exd4 18. Nxd4 d5 19. Bh6 Bh8 20. Ndf5 Ne5 21. Bb3
Rad8 22. Qg5 dxe4 23. Rxd8 Qxd8 24. Nxe4 Bxe4 25. Rxe4 Nc4 26. Rxe8+ Qxe8 27.
Bxc4 bxc4 28. Qg3 Nd5 29. Qa3 Bf6 30. Qc5 gxf5 31. Qxd5 Qe1+ 32. Kh2 Qe5+ 33.
Qxe5 Bxe5+ 34. Kg1 Bxb2 35. Kf1 c3 36. Ke2 c2 0-1

[Event "2BLN 1819 Hamburger SK II - SF Berlin I"]
[Site "?"]
[Date "2019.02.02"]
[Round "5.6"]
[White "Baciu, Diana"]
[Black "Chatzidakis, Mihail"]
[Result "1/2-1/2"]
[WhiteElo "2281"]
[BlackElo "2351"]
[PlyCount "56"]
[EventDate "2019.??.??"]

1. e4 c5 2. Nf3 d6 3. Bb5+ Nd7 4. O-O Ngf6 5. Re1 a6 6. Bd3 Qc7 7. Qe2 Ne5 8.
Nxe5 dxe5 9. a4 b6 10. b3 g6 11. Bb2 Bg7 12. Na3 O-O 13. Qe3 Nh5 14. Bf1 Nf4
15. Nc4 Rb8 16. a5 b5 17. Nb6 Bb7 18. c3 f5 19. c4 fxe4 20. cxb5 axb5 21. Rac1
Qd6 22. Rxc5 Ne6 23. Rxb5 Nd4 24. Bxd4 exd4 25. Qg3 Bc6 26. Bc4+ Kh8 27. Qxd6
exd6 28. Rb4 d3 1/2-1/2

[Event "2BLN 1819 Hamburger SK II - SF Berlin I"]
[Site "?"]
[Date "2019.02.02"]
[Round "5.7"]
[White "Brettschneider, Stefan"]
[Black "Gruenter, Martin"]
[Result "1/2-1/2"]
[WhiteElo "2290"]
[BlackElo "2207"]
[PlyCount "69"]
[EventDate "2019.??.??"]

1. e4 c5 2. Nc3 a6 3. g3 b5 4. Bg2 Bb7 5. f4 e6 6. Nh3 d5 7. exd5 Nf6 8. Qe2
Nxd5 9. f5 Nxc3 10. dxc3 Bxg2 11. Qxg2 Qd5 12. Qxd5 exd5 13. a4 b4 14. Nf4 Nc6
15. Nxd5 O-O-O 16. Nb6+ Kb7 17. Nc4 Re8+ 18. Kf2 Ne5 19. Nxe5 Rxe5 20. g4 bxc3
21. Bf4 Re4 22. Kf3 cxb2 23. Kxe4 bxa1=Q 24. Rxa1 Kc6 25. Rb1 Bd6 26. Bxd6 Re8+
27. Kf4 Kxd6 28. Rb7 Re2 29. Rxf7 Rxc2 30. h4 c4 31. Rxg7 c3 32. Rg8 Kd7 33.
Rg7+ Kd6 34. Rg8 Kd7 35. Rg7+ 1/2-1/2

[Event "2BLN 1819 Hamburger SK II - SF Berlin I"]
[Site "?"]
[Date "2019.02.02"]
[Round "5.8"]
[White "Doberitz, Paul"]
[Black "Lundin, Jan"]
[Result "0-1"]
[WhiteElo "2192"]
[BlackElo "2301"]
[PlyCount "92"]
[EventDate "2019.??.??"]

1. c4 e6 2. Nf3 d5 3. g3 c5 4. cxd5 exd5 5. d4 Nc6 6. Bg2 Nf6 7. O-O Be7 8.
dxc5 O-O 9. Nbd2 Bxc5 10. Nb3 Bb6 11. Nbd4 Re8 12. e3 Bg4 13. Qa4 Qd7 14. Nxc6
bxc6 15. Bd2 Rac8 16. b4 Ne4 17. Qc2 Qf5 18. Nh4 Qf6 19. h3 Bd7 20. Rac1 c5 21.
Bxe4 dxe4 22. Bc3 Qg5 23. bxc5 Rxc5 24. Kh2 Bb5 25. Rfd1 Bd3 26. Qa4 Rd8 27.
Ng2 h5 28. Nf4 Qf5 29. Rg1 Rdc8 30. Qa3 f6 31. g4 hxg4 32. hxg4 Qd7 33. Qb3+
Bc4 34. Qb2 Qc7 35. Bxf6 gxf6 36. Qxf6 Qg7 37. Qh4 Bd8 38. Qg3 Bxa2 39. Rcd1
Bc7 40. Ra1 Rc2 41. Rgd1 Rf8 42. Rac1 Rxc1 43. Rxc1 Bxf4 44. exf4 Qh6+ 45. Kg2
Qxf4 46. Ra1 Bd5 0-1

[Event "2BLN 1819 SK König Tegel - Lübecker SV"]
[Site "?"]
[Date "2019.02.03"]
[Round "6.1"]
[White "Kalinitschew, Sergey"]
[Black "Stern, Rene"]
[Result "1/2-1/2"]
[WhiteElo "2440"]
[BlackElo "2531"]
[PlyCount "33"]
[EventDate "2019.??.??"]

1. c4 e6 2. e4 d5 3. exd5 exd5 4. d4 Nf6 5. Nc3 Be7 6. Nf3 O-O 7. Bd3 dxc4 8.
Bxc4 Nbd7 9. O-O Nb6 10. Bb3 c6 11. Re1 Nbd5 12. Bg5 Be6 13. Qd2 Re8 14. Bxf6
Bxf6 15. Nxd5 Bxd5 16. Rxe8+ Qxe8 17. Bxd5 1/2-1/2

[Event "2BLN 1819 SK König Tegel - Lübecker SV"]
[Site "?"]
[Date "2019.02.03"]
[Round "6.2"]
[White "Rabiega, Robert"]
[Black "Kololli, Martin"]
[Result "1-0"]
[WhiteElo "2509"]
[BlackElo "2347"]
[PlyCount "85"]
[EventDate "2019.??.??"]

1. e4 c5 2. Nf3 g6 3. d4 cxd4 4. Qxd4 Nf6 5. e5 Nc6 6. Qf4 Nd5 7. Qe4 Nb6 8.
Bf4 d5 9. exd6 Bf5 10. Qe2 Bg7 11. Nc3 O-O 12. O-O-O e5 13. Be3 e4 14. Nd4 Nxd4
15. Bxd4 Qxd6 16. Qe3 Bxd4 17. Rxd4 Qe5 18. Be2 Rad8 19. Rhd1 Rxd4 20. Rxd4
Qxh2 21. g4 Be6 22. Nxe4 Re8 23. Qg5 Nd5 24. Bd1 h6 25. Qd2 Nb6 26. b3 Kg7 27.
Nd6 Rb8 28. Qe1 Qh4 29. Ne4 Rc8 30. Qa5 Qh2 31. Nd6 Rc6 32. f4 Nd7 33. Ne8+ Kh7
34. f5 gxf5 35. gxf5 Qg1 36. fxe6 Qxd4 37. Qf5+ Kh8 38. exd7 Qa1+ 39. Kd2 Qd4+
40. Qd3 Qf4+ 41. Qe3 Qh4 42. Qe5+ f6 43. d8=Q 1-0

[Event "2BLN 1819 SK König Tegel - Lübecker SV"]
[Site "?"]
[Date "2019.02.03"]
[Round "6.3"]
[White "Svane, Frederik"]
[Black "Richter, Michael"]
[Result "0-1"]
[WhiteElo "2341"]
[BlackElo "2493"]
[PlyCount "71"]
[EventDate "2019.??.??"]

1. e4 c5 2. Nf3 Nc6 3. Bb5 g6 4. Bxc6 dxc6 5. d3 Bg7 6. h3 Nf6 7. O-O Nd7 8. a4
Nf8 9. Nbd2 e5 10. Nc4 Qc7 11. Be3 Ne6 12. Ng5 Nd4 13. c3 h6 14. Nxf7 Kxf7 15.
cxd4 cxd4 16. Bd2 g5 17. Qh5+ Kg8 18. Qg6 Bd7 19. h4 Be8 20. Qd6 Qxd6 21. Nxd6
gxh4 22. Nxb7 Rb8 23. Nd6 Bh5 24. b4 Bf8 25. Nc4 Bg7 26. Na5 Be2 27. Rfe1 Bxd3
28. Nxc6 Rb7 29. Ra3 Bc2 30. b5 Kh7 31. f3 Rg8 32. Nb4 Bf8 33. Nxc2 Bxa3 34.
Nxa3 Rbg7 35. Re2 Rg3 36. Kh2 0-1